Memòria de la representació de la Generalitat : Any 1981 / Comissió Mixta de Transferències Administracio de l'Estat-Generalitat de Catalunya Any 1981 / Comissió Mixta de Transferències Administracio de l'Estat-Generalitat de Catalunya
Descripción Física:
60 p. ; 29 cm
MARC
| LEADER | 00000nam a2200000Ia 4500 | ||
|---|---|---|---|
| 001 | 1324 | ||
| 008 | 160829s1982 xx 000 0 cat d | ||
| 080 | |a M-3-210 | ||
| 100 | |a Catalunya. Comissió Mixta de Transferències Administració de l'Estat - Generalitat de Catalunya |9 23165 | ||
| 245 | |a Memòria de la representació de la Generalitat : |b Any 1981 / Comissió Mixta de Transferències Administracio de l'Estat-Generalitat de Catalunya | ||
| 260 | |a Barcelona : |b Generalitat de Catalunya, |c 1982 | ||
| 300 | |a 60 p. ; |c 29 cm | ||
| 650 | |a Catalunya. Comissió Mixta de Transferències Administració de l'Estat - Generalitat de Catalunya |x Memòries |9 23166 | ||
| 901 | |a Arxiu | ||
| 942 | |n 1 | ||
| 952 | |0 0 |1 0 |4 0 |6 M3210 |7 1 |9 42565 |a Arxiu |b Arxiu |d 2016-12-01 |l 0 |o M-3-210 |p 1324 |r 2016-12-01 00:00:00 |w 2016-12-01 |y ARXIU | ||
| 999 | |c 45070 |d 45070 | ||